000 004790000a22001210004500
100 1 _aAlcalde, Jorge
245 1 0 _aCómo nos transforma la noche
300 _aVol.12, no.145 (2000), p. 24-30
520 _aLa noche infunde temor, levanta pasiones, causa accidentes, favorece la creatividad....La noche afecta a nuestro organismo, influye en la salud y transforma también la manera de comportarnos.
650 1 4 _aVIDA NOCTURNA
773 0 _tRevista muy interesante
942 _cANA
999 _c63142
_d63142